00422nam a2200181Ia 4500003000400000005001700004006001900021007000300040008004100043024000900084037001200093040002000105041001300125082002300138100002300161245004700184260000900231OSt20220928140130.0a|||||r|||| 00| 0 ta220927b |||||||| |||| 00| 0 eng d a6760 cTextual aSDCLcSDCLbeng 2engaeng aO-,2L:g(S:521), N7 aMcMillin Scott Ed. 0aRestoration and eighteenth-century comedy. c1997